LEADER 01097nam a2200241 i 4500 001 000000131581 003 CaOOAMICUS 005 20190819160219.0 008 041122s1954 it u000 u ita u 013 $a104463 040 $aSeMil$bita 100 1 $aFederici, Emidio.$0(OLS)http://semarc/name/110094 245 10$aBeata Maria Assunta (Pallotta) :$bFrancescana missionaria di Maria (1878 - 1905) /$cEmidio Federici. 260 $aRoma :$bEd. Francescane Missionarie di Maria,$cstampa 1954. 300 $a183 p., [17] p. di tav. ;$c23 cm. 500 $aContiene : Fonti bibliografiche. 650 4$aPallotta, Maria Assunta .$0(OLS)http://semarc/subject/11694 850 $aSeMil 852 $aSeMil$W1$xVenegono$y1$m781 2 *$j85558$B85558$CSeMilBibl$Z2$F89453 $81 961 $aRecupero: Biblioteca Seminario Saronno 996 $6245$aBeata Maria Assunta (Pallotta) :$bFrancescana missionaria di Maria (1878 - 1905)$9(OLS)http://semarc/title/193485 996 $6260$aRoma :$bEd. Francescane Missionarie di Maria$9(OLS)http://semarc/publisher/43429 LEADER 00762nam a2200205 i 4500 001 000000037892 003 CaOOAMICUS 005 20220311100929.0 008 050126s1972 it u000 u ita u 013 $a8271 040 $aSeMil$bita 245 00$aTomo 3 /$ca cura di Carmelo Cappuccio. 300 $aXXIX, 1242 p. 700 1 $aCappuccio, Carmelo,$d<1901-1993>.$0(OLS)http://semarc/name/18122 773 0 $tMemorialisti dell'Ottocento.$dMilano ; Napoli : Ricciardi, 1953-1972.$kLetteratura italiana : storia e testi$gTomo3$w()12823 850 $aSeMil 852 $aSeMil$W1$xVenegono$y1$m1E VI 202$j4047$B4047$CSeMilBibl$Z2$F4047 $81 961 $aOmaggio: Ciprandi dott. Paolo 996 $6245$aTomo 3$9(OLS)http://semarc/title/53241